00495nam a22001577a 450000500170000001000150001702000230003203500130005503700130006808200080008110000210008924500840011026000470019427000650024130000310030620140417160705.0 aENG-109298 a8172543050c250.00 aEN-92831 bDBAD/PUB a000 aSubburaj, V.V.K. aSura's railway recruitment board exams :cby V.V.K. Subburajbtechnical cadre / aChennaibSura College of Competitionc2012 a1620, 'J' Block, 16th Main Road, Anna NagarbChennaie600040 avaroius pagingsc25cm(pbk)